| 000 | 00352nam a2200133Ia 4500 | ||
|---|---|---|---|
| 008 | 240624s9999 xx 000 0 und d | ||
| 041 | _aeng | ||
| 082 | _a001 TOW | ||
| 100 | _aTOWNSEND KEITH | ||
| 245 | _aHOW TO KEEP YOUR RESEARCH PROJECT ON TRA | ||
| 260 |
_c2018 _aUnited Kingdom _bEdward Elgar |
||
| 300 | _axiv, 208 p.; 23 cm. | ||
| 365 |
_cBPS _b33 |
||
| 999 |
_c32283 _d32283 |
||